[Event "SV Horst-Emscher 1 - SG Turm Raesfeld/E"]
[Site "NRW-Klasse - Gruppe 2 2021/20"]
[Date "2022.01.23"]
[Round "4.5"]
[White "Hoffmann, Fabian"]
[Black "de Mie, Mariska"]
[Result "1/2-1/2"]
[WhiteElo "1970"]
[BlackElo "2119"]
[PlyCount "69"]
[EventDate "2022.??.??"]
[SourceVersionDate "2020.03.16"]
[WhiteTeam "SG Turm Raesfeld/Erle 1"]
[BlackTeam "SV Horst-Emscher 1"]

1. e4 c5 2. Nf3 e6 3. Nc3 a6 4. d4 cxd4 5. Nxd4 b5 6. g3 Bb7 7. Bg2 Nf6 8. Qd3
Qc7 9. O-O Nc6 10. Nxc6 dxc6 11. Qe2 e5 12. Bg5 Be7 13. Rfd1 O-O 14. a3 Bc8 15.
f3 Bc5+ 16. Be3 Bxe3+ 17. Qxe3 Be6 18. Rd2 Rfd8 19. Rad1 h6 20. h3 Ne8 21. Qc5
Rxd2 22. Rxd2 Qa7 23. Qxa7 Rxa7 24. f4 f6 25. Nd1 Rd7 26. Rxd7 Bxd7 27. fxe5
fxe5 28. Nf2 Kf7 29. Nd3 Kf6 30. Nc5 Bc8 31. Kf2 Nd6 32. b3 a5 33. Bf1 Kg5 34.
h4+ Kf6 35. Kf3 1/2-1/2

[Event "SV Horst-Emscher 1 - SG Turm Raesfeld/E"]
[Site "NRW-Klasse - Gruppe 2 2021/20"]
[Date "2022.01.23"]
[Round "4.6"]
[White "Dementjew, Dmitriy"]
[Black "Broemmel, Rudolf"]
[Result "0-1"]
[WhiteElo "1902"]
[BlackElo "1926"]
[PlyCount "132"]
[EventDate "2022.??.??"]
[SourceVersionDate "2020.03.16"]
[WhiteTeam "SV Horst-Emscher 1"]
[BlackTeam "SG Turm Raesfeld/Erle 1"]

1. b3 Nf6 2. Bb2 g6 3. e3 Bg7 4. f4 O-O 5. Nf3 d6 6. Bd3 e5 7. fxe5 Ng4 8. O-O
Nc6 9. Qc1 Ngxe5 10. Be2 Nxf3+ 11. Bxf3 Ne5 12. Bxe5 Bxe5 13. d4 Bg7 14. Na3
Qg5 15. c3 Bh6 16. Re1 Re8 17. Nc4 d5 18. Ne5 c6 19. Kh1 f6 20. Nd3 Bf5 21. Nc5
b6 22. Na6 Rxe3 23. Qxe3 Qxe3 24. Rxe3 Bxe3 25. Nb4 Bd2 26. Nxd5 Kg7 27. Rd1
cxd5 28. Rxd2 Re8 29. Kg1 Be4 30. Be2 Rc8 31. c4 Kf7 32. Kf2 Ke6 33. Rd1 f5 34.
Rc1 Kd6 35. g3 Rc7 36. b4 dxc4 37. Rxc4 Rxc4 38. Bxc4 Bd5 39. Be2 Bxa2 40. b5
Bd5 41. Ke3 g5 42. Bd3 Ke6 43. Be2 Bb3 44. Bd3 h6 45. Bf1 Kd5 46. Bg2+ Kc4 47.
Bc6 Ba4 48. Bd7 Bxb5 49. Be6+ Kb4 50. Bxf5 a5 51. Kd2 Bc4 52. Kc2 a4 53. Be4 a3
54. h4 gxh4 55. gxh4 Bb3+ 56. Kb1 Kc4 57. d5 Kc5 58. Kc1 Bxd5 59. Bd3 Bc4 60.
Bf5 Kb4 61. Be4 Kc3 62. h5 b5 63. Bc2 b4 64. Bb1 b3 65. Bc2 b2+ 66. Kd1 Bd3 0-1

[Event "SV Horst-Emscher 1 - SG Turm Raesfeld/E"]
[Site "NRW-Klasse - Gruppe 2 2021/20"]
[Date "2022.01.23"]
[Round "4.7"]
[White "Bergemann, Martin"]
[Black "Arndt, Olaf"]
[Result "1/2-1/2"]
[WhiteElo "1918"]
[BlackElo "1860"]
[PlyCount "75"]
[EventDate "2022.??.??"]
[SourceVersionDate "2020.03.16"]
[WhiteTeam "SG Turm Raesfeld/Erle 1"]
[BlackTeam "SV Horst-Emscher 1"]

1. d4 f5 2. Bg5 g6 3. e4 fxe4 4. Nc3 d5 5. f3 e3 6. Bxe3 Nf6 7. Qd2 Bg7 8. Bh6
O-O 9. Bxg7 Kxg7 10. f4 Bf5 11. Bd3 Qd7 12. Nf3 Qe6+ 13. Qe2 Qxe2+ 14. Kxe2
Bxd3+ 15. Kxd3 Nc6 16. Rae1 h6 17. g3 Rad8 18. a3 Ng4 19. Re2 a6 20. Rhe1 Rd6
21. h3 Nf6 22. Ne5 Nb8 23. b4 Ng8 24. Re3 Nd7 25. a4 Nxe5+ 26. Rxe5 c6 27. a5
Rf5 28. Na4 Rxe5 29. Rxe5 Kf7 30. Nc5 Rd8 31. Nxb7 Rb8 32. Nc5 Rxb4 33. Nxa6
Rb5 34. Nc7 Rxa5 35. Re6 c5 36. Rc6 Ra3+ 37. c3 c4+ 38. Kc2 1/2-1/2

[Event "SV Horst-Emscher 1 - SG Turm Raesfeld/E"]
[Site "NRW-Klasse - Gruppe 2 2021/20"]
[Date "2022.01.23"]
[Round "4.8"]
[White "Karabueguel, Okan"]
[Black "Broemmel, Chris"]
[Result "1/2-1/2"]
[WhiteElo "1711"]
[BlackElo "1834"]
[PlyCount "64"]
[EventDate "2022.??.??"]
[SourceVersionDate "2020.03.16"]
[WhiteTeam "SV Horst-Emscher 1"]
[BlackTeam "SG Turm Raesfeld/Erle 1"]

1. e4 d5 2. exd5 Qxd5 3. d4 Nc6 4. Nf3 Bg4 5. Be2 e6 6. Nc3 Bb4 7. O-O Bxc3 8.
bxc3 Nge7 9. c4 Qd7 10. c3 O-O 11. Rb1 Rab8 12. Bf4 Ng6 13. Qd2 e5 14. Bg3 exd4
15. Rfd1 Rfd8 16. cxd4 Bxf3 17. Bxf3 Nxd4 18. Bd5 Nf5 19. Qg5 Kf8 20. Bf3 Nd4
21. Qc5+ Qe7 22. Qxe7+ Kxe7 23. Re1+ Kd7 24. Rbd1 c5 25. Bxb8 Rxb8 26. Bd5 f6
27. g3 Ne7 28. Be6+ Kc7 29. Kg2 Nec6 30. a3 Rd8 31. Bd5 Nc2 32. Re2 N2d4
1/2-1/2

[Event "SK Sodingen/Castrop 1 - SV Wattenscheid"]
[Site "NRW-Klasse - Gruppe 2 2021/20"]
[Date "2022.01.23"]
[Round "4.3"]
[White "Peter, Thomas"]
[Black "Werrn, Pascal"]
[Result "1-0"]
[WhiteElo "2128"]
[BlackElo "2075"]
[PlyCount "81"]
[EventDate "2022.??.??"]
[SourceVersionDate "2020.03.16"]
[WhiteTeam "SV Wattenscheid 2"]
[BlackTeam "SK Sodingen/Castrop 1"]

1. e4 c5 2. Nf3 Nc6 3. Nc3 e5 4. d3 d6 5. Be2 Nf6 6. Bg5 Be7 7. O-O O-O 8. Qd2
Be6 9. Bxf6 Bxf6 10. Nd5 Bxd5 11. exd5 Ne7 12. c4 g6 13. Rab1 Bg7 14. b4 cxb4
15. Qxb4 b6 16. Rfe1 h6 17. Bf1 f5 18. Nd2 Kh8 19. g3 g5 20. Bg2 Ng6 21. a4 g4
22. f3 gxf3 23. Nxf3 e4 24. dxe4 f4 25. g4 Ne5 26. Nxe5 Bxe5 27. Bf3 Qh4 28.
Qd2 Rg8 29. Qf2 Qf6 30. Red1 Rac8 31. Rbc1 h5 32. h3 Rc7 33. Kg2 Rcg7 34. a5
hxg4 35. hxg4 Rxg4+ 36. Bxg4 Rxg4+ 37. Kf3 Rg3+ 38. Ke2 f3+ 39. Kd3 Rg2 40.
Rh1+ Bh2 41. Rxh2+ 1-0

[Event "SK Sodingen/Castrop 1 - SV Wattenscheid"]
[Site "NRW-Klasse - Gruppe 2 2021/20"]
[Date "2022.01.23"]
[Round "4.4"]
[White "Mueller, Frank"]
[Black "Schlehoefer, Ralf"]
[Result "0-1"]
[WhiteElo "2033"]
[BlackElo "2147"]
[PlyCount "48"]
[EventDate "2022.??.??"]
[SourceVersionDate "2020.03.16"]
[WhiteTeam "SK Sodingen/Castrop 1"]
[BlackTeam "SV Wattenscheid 2"]

1. e4 e5 2. Nf3 Nc6 3. Bb5 Bc5 4. c3 a6 5. Ba4 Ba7 6. d4 Nf6 7. O-O O-O 8. dxe5
Nxe4 9. Bc2 d5 10. Nbd2 Bf5 11. Nb3 Qe7 12. Nbd4 Bg4 13. h3 Bxf3 14. gxf3 Nxd4
15. cxd4 Ng5 16. Qd3 g6 17. Kh2 Ne6 18. Be3 Qh4 19. Rad1 f5 20. Qb3 c6 21. Qxb7
f4 22. Rg1 fxe3 23. Bxg6 Kh8 24. Bf5 Qf4+ 0-1

[Event "SK Sodingen/Castrop 1 - SV Wattenscheid"]
[Site "NRW-Klasse - Gruppe 2 2021/20"]
[Date "2022.01.23"]
[Round "4.5"]
[White "Koehn, Peter"]
[Black "Hille, Ralph Ingo"]
[Result "1-0"]
[WhiteElo "2128"]
[BlackElo "2016"]
[PlyCount "83"]
[EventDate "2022.??.??"]
[SourceVersionDate "2020.03.16"]
[WhiteTeam "SV Wattenscheid 2"]
[BlackTeam "SK Sodingen/Castrop 1"]

1. d4 b6 2. e4 e6 3. Bd3 Bb7 4. Nf3 d6 5. c4 Nd7 6. Nc3 g6 7. Be3 Bg7 8. Qd2 h6
9. d5 Ne7 10. h4 e5 11. h5 f5 12. Qc2 f4 13. Bd2 g5 14. g4 Nf6 {(=)} 15. Nh2
O-O 16. O-O Bc8 17. Be2 Bd7 18. Rfc1 Qc8 19. Qd1 Rf7 20. b4 Bf8 21. f3 Rg7 22.
Be1 Qe8 23. Bf2 Nxh5 24. gxh5 Qxh5 25. c5 bxc5 26. bxc5 dxc5 27. Na4 Ng6 28.
Ng4 Be7 29. d6 cxd6 30. Qd5+ Kh7 31. Qxa8 Bxa4 32. Qxa7 Be8 33. Qxe7 Nxe7 34.
Nf6+ Kg6 35. Nxh5 Kxh5 36. Rd1 Nc8 37. Rab1 Bc6 38. Rb8 Ne7 39. Rxd6 Bxe4 40.
fxe4+ g4 41. Rb7 f3 42. Re6 1-0

[Event "SK Sodingen/Castrop 1 - SV Wattenscheid"]
[Site "NRW-Klasse - Gruppe 2 2021/20"]
[Date "2022.01.23"]
[Round "4.7"]
[White "Gohla, Ulf"]
[Black "Rohovoy, Dmitrij"]
[Result "1/2-1/2"]
[WhiteElo "2090"]
[BlackElo "1936"]
[PlyCount "30"]
[EventDate "2022.??.??"]
[SourceVersionDate "2020.03.16"]
[WhiteTeam "SV Wattenscheid 2"]
[BlackTeam "SK Sodingen/Castrop 1"]

1. d4 Nf6 2. c4 e6 3. Nc3 d5 4. cxd5 exd5 5. Bg5 c6 6. Qc2 Nbd7 7. e3 Bd6 8.
Bd3 h6 9. Bh4 O-O 10. Nf3 a6 11. Bg3 Bxg3 12. hxg3 c5 13. dxc5 Nxc5 14. Be2
Nce4 15. Nd4 Be6 1/2-1/2

[Event "SK Sodingen/Castrop 1 - SV Wattenscheid"]
[Site "NRW-Klasse - Gruppe 2 2021/20"]
[Date "2022.01.23"]
[Round "4.8"]
[White "Zygan, Michael"]
[Black "Schwebel, Markus"]
[Result "1/2-1/2"]
[WhiteElo "1726"]
[BlackElo "1970"]
[PlyCount "41"]
[EventDate "2022.??.??"]
[SourceVersionDate "2020.03.16"]
[WhiteTeam "SK Sodingen/Castrop 1"]
[BlackTeam "SV Wattenscheid 2"]

1. d4 Nf6 2. c4 g6 3. Nc3 d5 4. cxd5 Nxd5 5. e4 Nxc3 6. bxc3 Bg7 7. Nf3 c5 8.
Rb1 Nc6 9. d5 Na5 10. c4 O-O 11. Bd3 e6 12. O-O exd5 13. exd5 b6 14. Bf4 Re8
15. Re1 Bg4 16. Rxe8+ Qxe8 17. h3 Bxf3 18. Qxf3 Rd8 19. Qe2 Qxe2 20. Bxe2 Nb7
21. Bd3 1/2-1/2

[Event "Südlohner SV 1 - SV Welper 1"]
[Site "NRW-Klasse - Gruppe 2 2021/20"]
[Date "2022.06.12"]
[Round "5.1"]
[White "Sohlmann, Jan-Henning"]
[Black "Voelker, Christian"]
[Result "1/2-1/2"]
[WhiteElo "2176"]
[BlackElo "2079"]
[Annotator "danie"]
[PlyCount "121"]
[EventDate "2022.??.??"]
[SourceVersionDate "2020.03.16"]
[WhiteTeam "SV Welper 1"]
[BlackTeam "Südlohner SV 1"]

1. Nf3 d6 2. e4 c5 3. d4 cxd4 4. Nxd4 Nf6 5. Nc3 g6 6. g3 Nc6 7. Bg2 Bd7 8.
Nde2 Qc8 9. h3 Bg7 10. b3 O-O 11. Bb2 Nb4 12. Qd2 a5 13. a3 Na6 14. f4 Rd8 15.
g4 Nc5 16. Qe3 e6 17. e5 Ne8 18. O-O Bc6 19. Ng3 Bxg2 20. Kxg2 Qc6+ 21. Kg1 Rd7
22. Rf2 Nc7 23. Raf1 Rc8 24. Nce4 Ne8 25. Nf6+ Bxf6 26. exf6 d5 27. Re1 Qd6 28.
Bd4 b6 29. a4 Qf8 30. h4 Rdc7 31. Ree2 Nd7 32. g5 Qb4 33. Rh2 Nd6 34. h5 Re8
35. hxg6 fxg6 36. Rh4 Nf7 37. Nh1 Rcc8 38. Nf2 e5 39. fxe5 Rxe5 40. Bxe5 Qxh4
41. Bf4 h6 $11 42. Nh3 Nf8 43. Rg2 d4 44. Qg3 hxg5 45. Qxh4 gxh4 46. Bg5 Rc3
47. Kh2 d3 48. cxd3 Rxd3 49. Bxh4 Ne5 50. Ng5 Nfd7 51. Rg3 Nxf6 52. Rxd3 Nxd3
53. Nf3 Nd5 54. Nd2 Kf7 55. Kg3 Ne5 56. Kh3 Ke6 57. Bf2 Nd3 58. Bg1 Kf5 59. Nc4
Nc1 60. Nxb6 Nf4+ 61. Kh2 1/2-1/2

[Event "Südlohner SV 1 - SV Welper 1"]
[Site "NRW-Klasse - Gruppe 2 2021/20"]
[Date "2022.06.12"]
[Round "5.2"]
[White "Funke, Reinhard"]
[Black "Fuellgrabe, Thomas"]
[Result "1/2-1/2"]
[WhiteElo "2002"]
[BlackElo "2229"]
[PlyCount "127"]
[EventDate "2022.??.??"]
[SourceVersionDate "2020.03.16"]
[WhiteTeam "Südlohner SV 1"]
[BlackTeam "SV Welper 1"]

1. d4 Nf6 2. c4 e6 3. Nf3 d5 4. g3 dxc4 5. Qa4+ Bd7 6. Qxc4 c5 7. Bg2 b5 8. Qc2
Na6 9. O-O Rc8 10. Ne5 cxd4 11. Qd1 Qb6 12. Nd2 Nb4 13. Nb3 Nc6 14. Nxd7 Nxd7
15. Bxc6 Rxc6 16. Qxd4 Rc4 17. Qd1 Be7 18. Be3 Qc7 19. Nd2 Rc6 20. Qb3 O-O 21.
Nf3 a6 22. Rac1 Bc5 23. Rfd1 Bxe3 24. Qxe3 Nf6 25. Rxc6 Qxc6 26. Rc1 Qd5 27. b3
Qb7 28. Qc5 Nd5 29. h4 b4 30. Rc4 Qb5 31. Qd6 Qa5 32. Nd4 Rd8 33. Qe5 Qxa2 34.
Nxe6 fxe6 35. Rg4 g6 36. Qxe6+ Kf8 37. e4 Qa1+ 38. Kh2 Ne7 39. Rf4+ Ke8 40. e5
Rd1 41. Qf7+ Kd8 42. Qf8+ Kd7 43. e6+ Kd6 44. Qd8+ Ke5 45. Qc7+ Kd5 46. Qd7+
Ke5 47. Qc7+ Kd5 48. Qc4+ Ke5 49. Qe4+ Kd6 50. Qxb4+ Ke5 51. Qb8+ Kxe6 52. Qb6+
Kd7 53. Qb7+ Ke8 54. Qa8+ Rd8 55. Qf3 Qg7 56. Qb7 Nf5 57. Qxa6 Qe5 58. Qc4 Rd4
59. Qg8+ Ke7 60. Qxh7+ Kf6 61. Qh8+ Ke6 62. Qg8+ Kf6 63. Qh8+ Ke6 64. Qg8+
1/2-1/2

[Event "Südlohner SV 1 - SV Welper 1"]
[Site "NRW-Klasse - Gruppe 2 2021/20"]
[Date "2022.06.12"]
[Round "5.3"]
[White "Kemna, Guido"]
[Black "Kolakovic, Klaudio"]
[Result "1-0"]
[WhiteElo "2136"]
[BlackElo "2100"]
[PlyCount "77"]
[EventDate "2022.??.??"]
[SourceVersionDate "2020.03.16"]
[WhiteTeam "SV Welper 1"]
[BlackTeam "Südlohner SV 1"]

1. e4 c5 2. Nf3 Nc6 3. Bb5 Qc7 4. O-O a6 5. Bxc6 dxc6 6. h3 e5 7. d3 Bd6 8. Be3
Nf6 9. Nbd2 h6 10. Nc4 Be6 11. Nxd6+ Qxd6 12. Qd2 Rd8 13. Qc3 Nd7 14. Nd2 O-O
15. f4 f6 16. Nc4 Bxc4 17. Qxc4+ Kh8 18. f5 b5 19. Qc3 Rf7 20. b3 Rg8 21. Rad1
g5 22. fxg6 Rxg6 23. Qe1 Rfg7 24. Rd2 Nf8 25. Qh4 Rh7 26. Rf5 Kg7 27. Rdf2 Nd7
28. R2f3 Qe6 29. Rh5 Qg8 30. Bxh6+ Kf7 31. g4 Qh8 32. g5 Nf8 33. Kf1 Ne6 34.
Qg4 Qd8 35. Rxf6+ Rxf6+ 36. gxf6 Qh8 37. Rxe5 Qc8 38. Qh5+ Kxf6 39. Qf5+ 1-0

[Event "Südlohner SV 1 - SV Welper 1"]
[Site "NRW-Klasse - Gruppe 2 2021/20"]
[Date "2022.06.12"]
[Round "5.4"]
[White "Engels, Natia"]
[Black "Schaller, Fabian"]
[Result "0-1"]
[WhiteElo "2085"]
[BlackElo "2029"]
[PlyCount "140"]
[EventDate "2022.??.??"]
[SourceVersionDate "2020.03.16"]
[WhiteTeam "Südlohner SV 1"]
[BlackTeam "SV Welper 1"]

1. Nf3 Nf6 2. d4 e6 3. g3 c5 4. Bg2 Nc6 5. O-O Be7 6. c4 cxd4 7. Nxd4 O-O 8.
Nc3 Qc7 9. Ndb5 Qb8 10. Bf4 e5 11. Bg5 a6 12. Bxf6 gxf6 13. Na3 d6 14. Nd5 Be6
15. e3 Kh8 16. Nc2 Bd8 17. f4 Qc8 18. b4 Rg8 19. b5 Na5 20. fxe5 fxe5 21. Nf6
Bxf6 22. Rxf6 Qxc4 23. Bf1 Qc3 24. Bd3 e4 25. Rh6 exd3 26. Nd4 d2 27. Rxh7+
Kxh7 28. Qh5+ Kg7 29. Qg5+ Kf8 30. Nxe6+ Ke8 31. Qxg8+ Ke7 32. Qg5+ Kxe6 33.
Rf1 Qe5 34. Qh6+ Ke7 35. Qh4+ Ke8 36. Qh7 Qxe3+ 37. Kh1 Qe6 38. Qg8+ Ke7 39.
Qg5+ Kd7 40. Qxd2 axb5 41. Qg5 Nc6 42. Qxb5 Kc7 43. Rb1 Ra7 44. Rb2 Qe5 45. Qb3
d5 46. h4 Kd6 47. Kh2 f5 48. Rf2 Ra5 49. Qxb7 Ra3 50. Rg2 f4 51. gxf4 Qxf4+ 52.
Kg1 Qd4+ 53. Kh2 Qxh4+ 54. Kg1 Qd4+ 55. Kh2 Qe5+ 56. Kg1 Qa1+ 57. Kh2 Rxa2 58.
Rxa2 Qxa2+ 59. Kg3 Qe2 60. Qa8 d4 61. Qf8+ Qe7 62. Qh6+ Kd5 63. Kf2 Qf7+ 64.
Kg3 Ne5 65. Qh1+ Qf3+ 66. Qxf3+ Nxf3 67. Kxf3 Kc4 68. Ke2 Kc3 69. Kd1 Kd3 70.
Kc1 Ke2 0-1

[Event "Südlohner SV 1 - SV Welper 1"]
[Site "NRW-Klasse - Gruppe 2 2021/20"]
[Date "2022.06.12"]
[Round "5.5"]
[White "Linde, Wolfgang"]
[Black "Darwisch, Khaled"]
[Result "1-0"]
[WhiteElo "2089"]
[BlackElo "2076"]
[PlyCount "85"]
[EventDate "2022.??.??"]
[SourceVersionDate "2020.03.16"]
[WhiteTeam "SV Welper 1"]
[BlackTeam "Südlohner SV 1"]

1. d4 g6 2. Nf3 Bg7 3. c4 Nf6 4. e3 d6 5. Nc3 O-O 6. Be2 Nc6 7. d5 Nb8 8. O-O
e5 9. dxe6 Bxe6 10. Nd4 Nc6 11. Nxe6 fxe6 12. Rb1 Ne7 13. b4 Qd7 14. Qb3 Kh8
15. Bb2 Nf5 16. Rbd1 e5 17. c5 Qe7 18. cxd6 Nxd6 19. b5 Qf7 20. Qxf7 Nxf7 21.
Nd5 Nxd5 22. Rxd5 Rad8 23. Rfd1 Rxd5 24. Rxd5 Rd8 25. Rxd8+ Nxd8 26. Bc4 h6 27.
Kf1 g5 28. Ke2 Kh7 29. a4 Kg6 30. a5 Kf5 31. a6 bxa6 32. bxa6 Bf8 33. Bd5 g4
34. e4+ Kf6 35. Bc1 Ne6 36. Bxe6 Kxe6 37. Kd3 Bc5 38. Bxh6 Bxf2 39. Be3 Bxe3
40. Kxe3 Kd6 41. Kd3 Kc5 42. h4 Kd6 43. g3 1-0

[Event "Südlohner SV 1 - SV Welper 1"]
[Site "NRW-Klasse - Gruppe 2 2021/20"]
[Date "2022.06.12"]
[Round "5.6"]
[White "Teloeken, Andreas"]
[Black "Sondermann, Dirk"]
[Result "1-0"]
[WhiteElo "2024"]
[BlackElo "1798"]
[PlyCount "55"]
[EventDate "2022.??.??"]
[SourceVersionDate "2020.03.16"]
[WhiteTeam "Südlohner SV 1"]
[BlackTeam "SV Welper 1"]

1. Nf3 f5 2. g3 Nf6 3. Bg2 g6 4. d4 d6 5. c4 Bg7 6. O-O O-O 7. Nc3 c6 8. d5 e5
9. dxe6 Bxe6 10. Qd3 Nbd7 11. Ng5 Re8 12. Nxe6 Rxe6 13. Qc2 Nc5 14. Rb1 Nfe4
15. Nxe4 Nxe4 16. Be3 Qe7 17. Rfd1 a5 18. Bd4 Bf8 19. b3 Nc5 20. e3 Ne4 21. Bb2
Nf6 22. a3 Ne8 23. b4 Nc7 24. b5 cxb5 25. cxb5 d5 26. Rbc1 Rc8 27. Bxd5 Nxd5
28. Qxc8 1-0

[Event "Südlohner SV 1 - SV Welper 1"]
[Site "NRW-Klasse - Gruppe 2 2021/20"]
[Date "2022.06.12"]
[Round "5.7"]
[White "Bastians, Felix"]
[Black "Hater, Wolfgang"]
[Result "1-0"]
[WhiteElo "2081"]
[BlackElo "2024"]
[PlyCount "63"]
[EventDate "2022.??.??"]
[SourceVersionDate "2020.03.16"]
[WhiteTeam "SV Welper 1"]
[BlackTeam "Südlohner SV 1"]

1. e4 e5 2. Nf3 Nc6 3. Bb5 Nge7 4. Nc3 Ng6 5. d4 exd4 6. Nxd4 Be7 7. Be3 O-O 8.
h4 Nxd4 9. Qxd4 c6 10. Be2 Bxh4 11. e5 Re8 12. g3 Be7 13. O-O-O Qa5 14. Rh5 Qb4
15. Qd3 Bf8 16. f4 b5 17. Bd2 Qe7 18. Bf3 Bb7 19. Ne4 d5 20. exd6 Qe6 21. Kb1
c5 22. Nxc5 Bxf3 23. Nxe6 Bxd1 24. Nc7 Bxh5 25. Nxa8 Be2 26. d7 Rd8 27. Qxe2
Rxd7 28. a3 a5 29. Nb6 Rd4 30. Bxa5 h5 31. Qxh5 Rd1+ 32. Qxd1 1-0

[Event "Südlohner SV 1 - SV Welper 1"]
[Site "NRW-Klasse - Gruppe 2 2021/20"]
[Date "2022.06.12"]
[Round "5.8"]
[White "Wittek, Felix"]
[Black "Hoettler, Alexander Walter"]
[Result "1-0"]
[WhiteElo "1462"]
[BlackElo "1819"]
[PlyCount "105"]
[EventDate "2022.??.??"]
[SourceVersionDate "2020.03.16"]
[WhiteTeam "Südlohner SV 1"]
[BlackTeam "SV Welper 1"]

1. e4 c5 2. Nf3 e6 3. d4 cxd4 4. Nxd4 Nc6 5. Nc3 Qc7 6. Be3 a6 7. Be2 Nf6 8. a3
Be7 9. Qd2 O-O 10. O-O b5 11. f4 d6 12. f5 Nxd4 13. Bxd4 Bb7 14. Bf3 e5 15. Bf2
h6 16. g4 Rac8 17. h4 Qc4 18. Rfe1 d5 19. exd5 Rfd8 20. Rxe5 Bd6 21. Re2 b4 22.
Na4 bxa3 23. b3 Qb5 24. Nb6 Rc7 25. Nc4 Qd7 26. Nxd6 Qxd6 27. c4 Nd7 28. Kg2
Rcc8 29. Qa2 Qf4 30. Re4 Qc7 31. Qxa3 Nf6 32. Rd4 Re8 33. Bg3 Qb6 34. Bf2 Qc7
35. Rad1 h5 36. g5 Ng4 37. Bxg4 hxg4 38. Rxg4 Qe5 39. f6 Qf5 40. Rgd4 Re2 41.
Rf1 Rce8 42. fxg7 Bc8 43. b4 R8e3 44. Qxe3 Rxe3 45. Bxe3 Qh3+ 46. Kf2 Bg4 47.
Rxg4 Qxg4 48. Rc1 Qxh4+ 49. Ke2 Qe4 50. d6 Kxg7 51. c5 Qg2+ 52. Kd3 Qd5+ 53.
Bd4+ 1-0

[Event "SG Turm Raesfeld/Erle 1 - SV Hemer 1"]
[Site "NRW-Klasse - Gruppe 2 2021/20"]
[Date "2022.06.12"]
[Round "5.1"]
[White "Runte, Moritz"]
[Black "Greifenberg, Daniel"]
[Result "1-0"]
[WhiteElo "2114"]
[BlackElo "2124"]
[PlyCount "61"]
[EventDate "2022.??.??"]
[SourceVersionDate "2020.03.16"]
[WhiteTeam "SV Hemer 1"]
[BlackTeam "SG Turm Raesfeld/Erle 1"]

1. e4 c6 2. d4 d5 3. e5 Bf5 4. Nd2 Qb6 5. Nb3 e6 6. Be3 Nd7 7. Nf3 c5 8. dxc5
Nxc5 9. Nfd4 O-O-O 10. Nxf5 exf5 11. Qd4 Nxb3 12. Qxb6 axb6 13. axb3 Bc5 14.
Bf4 Ne7 15. Bd3 b5 16. Bxb5 Ng6 17. Bg5 Rdf8 18. Bd3 Nxe5 19. Bxf5+ Kc7 20.
O-O-O Kc6 21. Rhe1 f6 22. Be3 Rd8 23. f4 Nd7 24. Bxc5 Nxc5 25. b4 Na6 26. Re6+
Kb5 27. c3 Nxb4 28. cxb4 g6 29. Bd3+ Kxb4 30. Rb6+ Kc5 31. Rxb7 1-0

[Event "SG Turm Raesfeld/Erle 1 - SV Hemer 1"]
[Site "NRW-Klasse - Gruppe 2 2021/20"]
[Date "2022.06.12"]
[Round "5.2"]
[White "Wilger, Frank"]
[Black "Jagodzinsky, Andreas"]
[Result "1/2-1/2"]
[WhiteElo "2127"]
[BlackElo "2102"]
[PlyCount "52"]
[EventDate "2022.??.??"]
[SourceVersionDate "2020.03.16"]
[WhiteTeam "SG Turm Raesfeld/Erle 1"]
[BlackTeam "SV Hemer 1"]

1. d4 d5 2. c4 c6 3. e3 Nf6 4. Nf3 e6 5. Bd3 dxc4 6. Bxc4 Nbd7 7. O-O Bd6 8.
Nc3 b5 9. Be2 b4 10. Na4 O-O 11. b3 c5 12. dxc5 Nxc5 13. Nxc5 Bxc5 14. Bb2 Qe7
15. Ne5 Bb7 16. Bf3 Nd5 17. Qe2 Rac8 18. Rac1 f6 19. Nd3 Bd6 20. Bxd5 exd5 21.
Bd4 Ba6 22. Rfd1 Qe4 23. Rxc8 Rxc8 24. g3 Re8 25. Qd2 Rc8 26. Ne1 Rc7 1/2-1/2

[Event "SG Turm Raesfeld/Erle 1 - SV Hemer 1"]
[Site "NRW-Klasse - Gruppe 2 2021/20"]
[Date "2022.06.12"]
[Round "5.3"]
[White "Trinh, Fabian Dat"]
[Black "Buendgen, Achim"]
[Result "0-1"]
[WhiteElo "1913"]
[BlackElo "2091"]
[PlyCount "80"]
[EventDate "2022.??.??"]
[SourceVersionDate "2020.03.16"]
[WhiteTeam "SV Hemer 1"]
[BlackTeam "SG Turm Raesfeld/Erle 1"]

1. d4 Nf6 2. Bf4 c5 3. e3 cxd4 4. exd4 d5 5. c3 Nc6 6. Nf3 Bg4 7. Nbd2 e6 8. h3
Bh5 9. Bb5 Bd6 10. Bxd6 Qxd6 11. g4 Bg6 12. Ne5 Nd7 13. Nxg6 hxg6 14. Qe2 Rc8
15. Nf3 a6 16. Bxc6 Rxc6 17. Rd1 Qf4 18. Ne5 Nxe5 19. Qxe5 Qxe5+ 20. dxe5 g5
21. Rd3 Ke7 22. Kd2 Rc4 23. Rd4 f6 24. exf6+ gxf6 25. Ke3 Rxd4 26. Kxd4 Kd6 27.
f3 e5+ 28. Kd3 b5 29. a3 Ke6 30. Ke3 f5 31. gxf5+ Kxf5 32. Rh2 Rh4 33. Rh1 d4+
34. cxd4 exd4+ 35. Kf2 Kf4 36. Rd1 Ke5 37. Kg3 Kd5 38. b3 a5 39. Rc1 d3 40. Rc8
Rd4 0-1

[Event "SG Turm Raesfeld/Erle 1 - SV Hemer 1"]
[Site "NRW-Klasse - Gruppe 2 2021/20"]
[Date "2022.06.12"]
[Round "5.4"]
[White "Gesing, Felix"]
[Black "Zitzewitz, Roland"]
[Result "1/2-1/2"]
[WhiteElo "2056"]
[BlackElo "2004"]
[PlyCount "58"]
[EventDate "2022.??.??"]
[SourceVersionDate "2020.03.16"]
[WhiteTeam "SG Turm Raesfeld/Erle 1"]
[BlackTeam "SV Hemer 1"]

1. e4 e6 2. d3 d5 3. Nd2 c5 4. Ngf3 Nc6 5. g3 Nf6 6. Bg2 Be7 7. O-O O-O 8. Re1
Qc7 9. Nf1 dxe4 10. dxe4 Rd8 11. Qe2 Nd4 12. Nxd4 cxd4 13. e5 Nd5 14. a3 Bd7
15. Be4 f5 16. exf6 Nxf6 17. Bd3 Rac8 18. Nd2 Re8 19. Ne4 g6 20. h4 e5 21. b3
Bf5 22. Bc4+ Kh8 23. Ng5 h5 24. Nf7+ Kh7 25. Ng5+ Kh8 26. Bf7 Rf8 27. Qxe5 Qxe5
28. Rxe5 Bd6 29. Re2 Rxc2 1/2-1/2

[Event "SG Turm Raesfeld/Erle 1 - SV Hemer 1"]
[Site "NRW-Klasse - Gruppe 2 2021/20"]
[Date "2022.06.12"]
[Round "5.5"]
[White "Lamek, Dirk"]
[Black "Hoffmann, Fabian"]
[Result "1/2-1/2"]
[WhiteElo "1835"]
[BlackElo "1970"]
[PlyCount "33"]
[EventDate "2022.??.??"]
[SourceVersionDate "2020.03.16"]
[WhiteTeam "SV Hemer 1"]
[BlackTeam "SG Turm Raesfeld/Erle 1"]

1. e4 c6 2. Be2 d5 3. d3 g6 4. f4 dxe4 5. dxe4 Qxd1+ 6. Bxd1 Nf6 7. Nc3 Nbd7 8.
Nf3 b6 9. a4 e6 10. e5 Nd5 11. Ne4 Nc5 12. Nxc5 Bxc5 13. c3 Be3 14. Bxe3 Nxe3
15. Kf2 Nd5 16. g3 Ke7 17. Bb3 1/2-1/2

[Event "SG Turm Raesfeld/Erle 1 - SV Hemer 1"]
[Site "NRW-Klasse - Gruppe 2 2021/20"]
[Date "2022.06.12"]
[Round "5.6"]
[White "Broemmel, Rudolf"]
[Black "Naumenko, Valerija"]
[Result "1/2-1/2"]
[WhiteElo "1926"]
[BlackElo "1708"]
[PlyCount "42"]
[EventDate "2022.??.??"]
[SourceVersionDate "2020.03.16"]
[WhiteTeam "SG Turm Raesfeld/Erle 1"]
[BlackTeam "SV Hemer 1"]

1. c4 e6 2. b3 d5 3. cxd5 exd5 4. Bb2 Nf6 5. Nf3 Be7 6. Qc2 Nc6 7. a3 Bg4 8. e3
a6 9. Be2 Bd6 10. d3 Qe7 11. Nbd2 Ne5 12. h3 Bh5 13. Nxe5 Bxe5 14. Nf3 Bxb2 15.
Qxb2 a5 16. O-O O-O 17. Rfc1 c6 18. Rc2 Rfe8 19. Qd4 Nd7 20. Ne1 Bxe2 21. Rxe2
Qf6 1/2-1/2

[Event "SG Turm Raesfeld/Erle 1 - SV Hemer 1"]
[Site "NRW-Klasse - Gruppe 2 2021/20"]
[Date "2022.06.12"]
[Round "5.7"]
[White "Zuleger, Detlev"]
[Black "Bergemann, Martin"]
[Result "1/2-1/2"]
[WhiteElo "1703"]
[BlackElo "1918"]
[PlyCount "31"]
[EventDate "2022.??.??"]
[SourceVersionDate "2020.03.16"]
[WhiteTeam "SV Hemer 1"]
[BlackTeam "SG Turm Raesfeld/Erle 1"]

1. e4 c5 2. b4 e5 3. Nf3 Nc6 4. Bb2 Qc7 5. b5 Nd4 6. c3 Ne6 7. d4 exd4 8. cxd4
cxd4 9. Nbd2 Nf6 10. Be2 Be7 11. O-O O-O 12. g3 d5 13. Rc1 Qb8 14. exd5 Nxd5
15. Nxd4 Rd8 16. N2b3 1/2-1/2